Catálogo
 En Linea

Decretvm gratiani : (Registro nro. 34165)

Detalles MARC
000 -CABECERA
campo de control de longitud fija 00577nam a2200157 a 4500
001 - NÚMERO DE CONTROL
campo de control 000034674
005 - FECHA Y HORA DE LA ÚLTIMA TRANSACCIÓN
campo de control 20200930073831.0
008 - DATOS DE LONGITUD FIJA--INFORMACIÓN GENERAL
campo de control de longitud fija 111017s1585 dr 000 0 spa d
040 ## - FUENTE DE LA CATALOGACIÓN
Centro catalogador/agencia de origen DO-SdBNP
Lengua de catalogación spa
Centro/agencia transcriptor BNPHU
049 ## - FONDOS LOCALES (OCLC)
Fondos de biblioteca BNPD
245 00 - MENCIÓN DE TÍTULO
Título Decretvm gratiani :
Resto del título emendatvm et notationibvs /
Mención de responsabilidad, etc. illvstratvm vnà cum glossis Gregorii XIII Pont. Max. ijju editvm adexemplar romanvm diligenter recognitum.
260 ## - PUBLICACIÓN, DISTRIBUCIÓN, ETC.
Lugar de publicación, distribución, etc. Parisiis :
Nombre del editor, distribuidor, etc. CVM Licentia,
Fecha de publicación, distribución, etc. 1585.
300 ## - DESCRIPCIÓN FÍSICA
Extensión 2545, 85 p. ;
Dimensiones 36 x 22 cm.
500 ## - NOTA GENERAL
Nota general Texto a dos columnas
700 12 - PUNTO DE ACCESO ADICIONAL--NOMBRE DE PERSONA
Nombre de persona Gregorio
Numeración XIII
Títulos y otros términos asociados al nombre Papa,
Fechas asociadas al nombre 1502-1585,
9 (RLIN) 60107
Existencias
Estado de retiro Estado de pérdida No para préstamo Código de colección Localización permanente Ubicación/localización actual Ubicación en estantería Fecha de adquisición Número de inventario Total de préstamos Signatura topográfica completa Código de barras Fecha visto por última vez Precio válido a partir de Tipo de ítem Koha
    Excluido de préstamo Patrimonio Dominicano General General En catalogación 17.10.2011 LF1   34674-10 25.06.2020 25.06.2020 Libro y Folleto Colección Patrimonio Dominicano

Con tecnología Koha